[Event "Dresden ZMD op"]
[Site "Dresden"]
[Date "2007.07.21"]
[Round "1"]
[White "Schoene, Frederik"]
[Black "Breder, Dennis"]
[Result "0-1"]
[WhiteElo "1878"]
[BlackElo "2420"]
[PlyCount "64"]
[EventDate "2007.07.21"]
[EventType "swiss"]
[EventRounds "9"]
[EventCountry "GER"]
[SourceTitle "EXT 2008"]
[Source "ChessBase"]
[SourceDate "2007.11.25"]
[SourceVersion "1"]
[SourceVersionDate "2007.11.25"]
[SourceQuality "1"]

1. e4 c5 2. Nf3 a6 3. d4 cxd4 4. Nxd4 Nf6 5. Nc3 e5 6. Nb3 Bb4 7. Qf3 d5 8. Bd2 d4 9. Nd5 Nxd5 10. exd5 Bxd2+ 11. Nxd2 0-0 12. 0-0-0 Nd7 13. Nc4 b5 14. d6 Rb8 15. Nd2 Rb6 16. Bd3 Nc5 17. Ne4 Bb7 18. Qe2 Bxe4 19. Bxe4 Rxd6 20. f3 f5 21. Bd3 Re8 22. g4 e4 23. Rhe1 Rde6 24. Bc4 bxc4 25. Qxc4 exf3 26. Rxe6 Nxe6 27. gxf5 Qg5+ 28. Rd2 Qxf5 29. Rxd4 f2 30. Rd1 Qf4+ 31. Qxf4 Nxf4 32. Rf1 Re1+ 0-1